[Event "Bolzano op"]
[Site "Bolzano"]
[Date "2000.07.20"]
[Round "7"]
[White "Mrdja, Milan"]
[Black "Drabke, Lorenz"]
[Result "0-1"]
[WhiteElo "2425"]
[BlackElo "2149"]
[PlyCount "94"]
[EventDate "2000.07.15"]
[Source "ChessBase"]
[SourceDate "1999.11.18"]

1. e4 c5 2. Nf3 e6 3. d4 cxd4 4. Nxd4 a6 5. Bd3 Bc5 6. Nb3 Ba7 7. Nc3 Nc6 8.
Qe2 d6 9. Be3 Nge7 10. O-O-O b5 11. f4 b4 12. Nb1 a5 13. Bb5 O-O 14. a4 Qc7 15.
Nd4 Nxd4 16. Bxd4 Bxd4 17. Rxd4 d5 18. exd5 Nxd5 19. f5 Nf6 20. fxe6 Bxe6 21.
Nd2 Qc5 22. Rh4 Rac8 23. Bd3 Rfe8 24. Ne4 Nxe4 25. Rxe4 Qd5 26. Re1 Red8 27.
Kd2 Qc6 28. Kc1 Qd5 29. Kd2 Qc6 30. Kc1 Qxa4 31. Rxe6 fxe6 32. Qxe6+ Kh8 33.
Qf5 Qa1+ 34. Kd2 Rxd3+ 35. Qxd3 Qxb2 36. Re3 Qf6 37. Qe4 h6 38. Qe5 Qg6 39. Qe4
Qf6 40. g3 Rd8+ 41. Ke2 Rf8 42. Kd2 Qf1 43. Re2 Rd8+ 44. Ke3 a4 45. Qe7 Rf8 46.
Kd4 a3 47. Re1 Qf2+ 0-1

[Event "Bolzano op"]
[Site "Bolzano"]
[Date "2000.07.20"]
[Round "7"]
[White "Sax, Gyula"]
[Black "Nikolaidis, Ioannis"]
[Result "1/2-1/2"]
[WhiteElo "2609"]
[BlackElo "2530"]
[PlyCount "128"]
[EventDate "2000.07.15"]
[Source "ChessBase"]
[SourceDate "1999.11.18"]

1. e4 g6 2. d4 Bg7 3. Nc3 d6 4. f4 Nc6 5. Be3 Nf6 6. Nf3 e6 7. Qd2 O-O 8. O-O-O
Ne7 9. Bf2 b6 10. e5 Nd7 11. g4 Bb7 12. Bg2 dxe5 13. dxe5 Nc5 14. Bxc5 bxc5 15.
Qf2 Qc8 16. Ng5 Rb8 17. Qh4 h6 18. Nge4 Bxe4 19. Bxe4 f6 20. Qf2 fxe5 21. Qxc5
Nd5 22. Nxd5 exd5 23. Qxd5+ Kh8 24. f5 Rb6 25. Qc4 Qb8 26. b3 Rb4 27. Qe2 gxf5
28. gxf5 Rd4 29. Rxd4 exd4 30. Bd3 c5 31. f6 Qf4+ 32. Kb1 Bxf6 33. Rf1 Qe3 34.
Qh5 Qg5 35. Qe2 Qe3 36. Qg4 Bg7 37. Rg1 Qg5 38. Qxg5 hxg5 39. Rxg5 Rc8 40. Rd5
Bh6 41. Rd7 Bd2 42. Kb2 a5 43. Ka3 Rc6 44. Ka4 Rh6 45. Rd5 Rxh2 46. Rxc5 Rh1
47. Kb5 Ra1 48. a4 Kg7 49. Rc4 Bc3 50. Kc5 Re1 51. Rxd4 Re5+ 52. Kc4 Bxd4 53.
Kxd4 Kf6 54. Bc4 Rg5 55. Bd5 Ke7 56. Kc5 Kd7 57. c3 Rg3 58. Kb5 Rxc3 59. Bc4
Rh3 60. Kxa5 Kc7 61. Ka6 Rh6+ 62. Ka7 Rh5 63. Bb5 Rh3 64. Bc4 Rh5 1/2-1/2

[Event "Bolzano op"]
[Site "Bolzano"]
[Date "2000.07.20"]
[Round "7"]
[White "Voiska, Margarita"]
[Black "Farago, Ivan"]
[Result "1-0"]
[WhiteElo "2366"]
[BlackElo "2467"]
[PlyCount "127"]
[EventDate "2000.07.15"]
[Source "ChessBase"]
[SourceDate "1999.11.18"]

1. Nf3 Nf6 2. c4 c5 3. Nc3 Nc6 4. e3 e6 5. d4 d5 6. cxd5 exd5 7. Bb5 Bd6 8.
dxc5 Bxc5 9. O-O O-O 10. b3 Bg4 11. Bb2 Rc8 12. Rc1 Bd6 13. h3 Bh5 14. Be2 Bb8
15. Nh4 Bxe2 16. Nxe2 Re8 17. Nf5 Qd7 18. Neg3 Be5 19. Ba3 g6 20. f4 Bc7 21.
Bb2 Bd8 22. Nh6+ Kg7 23. Ng4 d4 24. Ne5 Qd5 25. Bxd4 Bb6 26. Nxc6 bxc6 27. Rc4
Bxd4 28. Rxd4 Qc5 29. Qd2 Nd5 30. e4 Nc7 31. Kh2 Ne6 32. Rd7 Rcd8 33. f5 Nd4
34. Nh5+ Kh8 35. Rxd8 Rxd8 36. Qg5 Qd6+ 37. Ng3 f6 38. Qf4 Kg7 39. Qxd6 Rxd6
40. Rc1 Kf7 41. Rc5 Rd7 42. Kg1 Ke7 43. Kf2 Kd6 44. b4 Rb7 45. Rc4 Ke5 46. a3
gxf5 47. exf5 Rb5 48. Ne2 Nxe2 49. Kxe2 a5 50. g4 axb4 51. axb4 h5 52. Ke3 hxg4
53. hxg4 Kd5 54. Re4 Rb8 55. Rd4+ Ke5 56. Rc4 Kd5 57. Re4 Rb6 58. Kf3 c5 59.
bxc5 Kxc5 60. g5 fxg5 61. Kg4 Rb1 62. Kxg5 Kd5 63. Re2 Rg1+ 64. Kf6 1-0

[Event "Bolzano op"]
[Site "Bolzano"]
[Date "2000.07.21"]
[Round "8"]
[White "Banikas, Hristos"]
[Black "Gyimesi, Zoltan"]
[Result "0-1"]
[WhiteElo "2535"]
[BlackElo "2518"]
[PlyCount "56"]
[EventDate "2000.07.15"]
[Source "ChessBase"]
[SourceDate "1999.11.18"]

1. d4 Nf6 2. c4 e6 3. Nf3 d5 4. Nc3 dxc4 5. e4 Bb4 6. Bg5 c5 7. Bxc4 cxd4 8.
Nxd4 Qa5 9. Bb5+ Nbd7 10. Bxf6 Bxc3+ 11. bxc3 Qxc3+ 12. Kf1 gxf6 13. h4 a6 14.
Rc1 Qb4 15. Be2 O-O 16. Rh3 Kh8 17. Rg3 Ne5 18. Rcc3 Rd8 19. Qc1 Qxd4 20. Qh6
Ng6 21. Rgd3 Qb6 22. h5 e5 23. hxg6 fxg6 24. Rxd8+ Qxd8 25. Rc7 Bd7 26. Rxb7
Rb8 27. Bxa6 Rxb7 28. Bxb7 Bc6 0-1

[Event "Bolzano op"]
[Site "Bolzano"]
[Date "2000.07.21"]
[Round "8"]
[White "Bertagnolli, Alexander"]
[Black "Rossi, Giampiero"]
[Result "1-0"]
[WhiteElo "2191"]
[BlackElo "2078"]
[PlyCount "57"]
[EventDate "2000.07.15"]
[Source "ChessBase"]
[SourceDate "1999.11.18"]

1. e4 c5 2. d4 cxd4 3. c3 dxc3 4. Nxc3 Nc6 5. Bc4 g6 6. Nf3 Bg7 7. e5 Nh6 8.
Bf4 O-O 9. h3 Kh8 10. Qd2 Ng8 11. h4 Qa5 12. h5 Nxe5 13. hxg6 Nxf3+ 14. gxf3
fxg6 15. O-O-O Bxc3 16. bxc3 Rxf4 17. Qxf4 Qxc3+ 18. Kb1 Nf6 19. Rd3 Qa5 20.
Qh6 d5 21. Qf8+ Ng8 22. Qf7 Nf6 23. Qxe7 Qb6+ 24. Ka1 Bf5 25. Rxd5 Nh5 26. Qe5+
Ng7 27. Rhd1 Re8 28. Qc3 h5 29. Rd7 1-0

[Event "Bolzano op"]
[Site "Bolzano"]
[Date "2000.07.21"]
[Round "8"]
[White "Kowalczyk, Martin"]
[Black "Mrdja, Milan"]
[Result "0-1"]
[WhiteElo "2120"]
[BlackElo "2425"]
[PlyCount "182"]
[EventDate "2000.07.15"]
[Source "ChessBase"]
[SourceDate "1999.11.18"]

1. e4 Nf6 2. e5 Nd5 3. d4 d6 4. Nf3 Bg4 5. Be2 c6 6. O-O Bxf3 7. Bxf3 dxe5 8.
dxe5 e6 9. c4 Ne7 10. Qxd8+ Kxd8 11. Be4 Nd7 12. f4 Nf5 13. Bxf5 Bc5+ 14. Kh1
exf5 15. Nc3 Kc7 16. b3 Rhd8 17. Bb2 Bb4 18. Na4 Nb6 19. Nxb6 axb6 20. e6 f6
21. a3 Be7 22. Rfd1 Rxd1+ 23. Rxd1 Rd8 24. Rxd8 Bxd8 25. Kg1 Kd6 26. Kf2 Kxe6
27. a4 b5 28. axb5 cxb5 29. Ke3 bxc4 30. bxc4 Bb6+ 31. Bd4 Bc7 32. g3 g5 33.
Bc5 Kf7 34. Kf3 Kg6 35. Bd4 Bd6 36. Bb6 Ba3 37. Bd4 Bc1 38. Bb6 Bb2 39. Be3 h6
40. Bc5 Kf7 41. Be3 Ke6 42. Ke2 Kd6 43. Kd3 Ba3 44. Bd4 Bc1 45. Be3 Bxe3 46.
Kxe3 Kc5 47. Kd3 Kb4 48. Kd4 b6 49. Kd3 Kb3 50. Kd4 Kc2 51. h4 gxf4 52. gxf4 h5
53. Kd5 Kd3 54. Ke6 Ke4 55. Kd6 Kxf4 56. Kc6 Kg3 57. Kxb6 f4 58. c5 f3 59. c6
f2 60. c7 f1=Q 61. c8=Q Kxh4 62. Qc3 Qf2+ 63. Kc6 Kg4 64. Qc4+ Kh3 65. Qd3+ Kh4
66. Qe4+ Kg5 67. Qd5+ Qf5 68. Qg2+ Kh6 69. Kd6 Qe5+ 70. Kd7 h4 71. Qg8 f5 72.
Qc4 Qe4 73. Qf7 Kg5 74. Qg7+ Kf4 75. Qh6+ Kf3 76. Qh5+ Qg4 77. Qf7 Qa4+ 78. Kd6
Qd4+ 79. Kc6 Qe4+ 80. Kd6 h3 81. Qb3+ Qe3 82. Qd5+ Kg3 83. Qg8+ Kh2 84. Qa2+
Kg1 85. Qb1+ Kg2 86. Qxf5 Qd4+ 87. Ke6 h2 88. Qc2+ Kg3 89. Qc7+ Qf4 90. Qc3+
Qf3 91. Qe1+ Kh3 0-1

[Event "Bolzano op"]
[Site "Bolzano"]
[Date "2000.07.21"]
[Round "8"]
[White "Luban, Peter"]
[Black "Ruzzier, Dario"]
[Result "1/2-1/2"]
[WhiteElo "2131"]
[BlackElo "2080"]
[PlyCount "40"]
[EventDate "2000.07.15"]
[Source "ChessBase"]
[SourceDate "1999.11.18"]

1. e4 e5 2. Nf3 Nc6 3. Bc4 Bc5 4. c3 d6 5. b4 Bb6 6. a4 a5 7. b5 Nb8 8. d3 Nf6
9. O-O Bg4 10. Be3 Nbd7 11. Nbd2 O-O 12. h3 Be6 13. Qb3 Bxe3 14. fxe3 Nc5 15.
Qc2 d5 16. exd5 Nxd5 17. Bxd5 Qxd5 18. d4 exd4 19. cxd4 Nb3 20. Nxb3 Qxb3
1/2-1/2

[Event "Bolzano op"]
[Site "Bolzano"]
[Date "2000.07.21"]
[Round "8"]
[White "Rotstein, Arkadij"]
[Black "Trabert, Bettina"]
[Result "1/2-1/2"]
[WhiteElo "2441"]
[BlackElo "2273"]
[PlyCount "105"]
[EventDate "2000.07.15"]
[Source "ChessBase"]
[SourceDate "1999.11.18"]

1. b3 d5 2. Bb2 c6 3. d3 Bg4 4. h3 Bh5 5. Nd2 Nd7 6. Ngf3 Ngf6 7. g4 Bg6 8. Bg2
e6 9. e3 h6 10. Qe2 a5 11. a3 Be7 12. O-O O-O 13. Nh4 Bh7 14. f4 Nh5 15. gxh5
Bxh4 16. e4 Bf6 17. e5 Be7 18. Kh2 Bf5 19. Nf3 Kh7 20. Nd4 g6 21. Bf3 Bc5 22.
hxg6+ fxg6 23. Nxf5 gxf5 24. d4 Bb6 25. Qf2 a4 26. bxa4 Ba5 27. Bh5 Qe7 28. Rg1
Rg8 29. Rxg8 Rxg8 30. Rg1 Nb6 31. Rxg8 Kxg8 32. Qg3+ Qg7 33. Qf3 Nxa4 34. Bc1
Nb6 35. Be3 Be1 36. Bf2 Bxf2 37. Qxf2 Nc4 38. a4 b5 39. axb5 cxb5 40. c3 Kf8
41. Qa2 Qb7 42. Qb1 Qd7 43. Qa2 Qb7 44. Kg3 Kg7 45. Kf3 b4 46. Qg2+ Kh8 47. Qg6
bxc3 48. Qe8+ Kg7 49. Qxe6 c2 50. Qg6+ Kh8 51. Qxh6+ Qh7 52. Qf8+ Qg8 53. Qh6+
1/2-1/2

[Event "Bolzano op"]
[Site "Bolzano"]
[Date "2000.07.21"]
[Round "8"]
[White "Schacher, Gerd"]
[Black "Mukic, Josko"]
[Result "1-0"]
[WhiteElo "2245"]
[BlackElo "2278"]
[PlyCount "63"]
[EventDate "2000.07.15"]
[Source "ChessBase"]
[SourceDate "1999.11.18"]

1. d4 Nf6 2. c4 g6 3. Nc3 Bg7 4. e4 d6 5. f3 O-O 6. Be3 Nc6 7. Nge2 a6 8. Qd2
Rb8 9. h4 h5 10. O-O-O b5 11. Bh6 e5 12. Bxg7 Kxg7 13. d5 Na5 14. Ng3 b4 15.
Nb1 Bd7 16. Qg5 Nb7 17. Be2 Nc5 18. Nd2 Kh7 19. Ngf1 c6 20. g4 cxd5 21. exd5 e4
22. gxh5 gxh5 23. Nxe4 Ncxe4 24. Bd3 Ng8 25. Qxh5+ Nh6 26. fxe4 f5 27. Ng3 Qb6
28. exf5 Qe3+ 29. Rd2 Rg8 30. Ne4 Bxf5 31. Ng5+ Kg7 32. Bxf5 1-0

[Event "Bolzano op"]
[Site "Bolzano"]
[Date "2000.07.21"]
[Round "8"]
[White "Skembris, Spyridon"]
[Black "Epishin, Vladimir"]
[Result "1/2-1/2"]
[WhiteElo "2481"]
[BlackElo "2667"]
[PlyCount "84"]
[EventDate "2000.07.15"]
[Source "ChessBase"]
[SourceDate "1999.11.18"]

1. Nf3 g6 2. c4 Bg7 3. d4 Nf6 4. Nc3 d5 5. cxd5 Nxd5 6. e4 Nxc3 7. bxc3 O-O 8.
Ba3 Bg4 9. Be2 Nd7 10. O-O c5 11. h3 Bxf3 12. Bxf3 Qa5 13. Qb3 Rfd8 14. e5 e6
15. Rfd1 Rab8 16. Rab1 Bf8 17. Bc1 Be7 18. Bf4 Nb6 19. Be3 c4 20. Qc2 Nd5 21.
Bxd5 Rxd5 22. a4 Qa6 23. Rb2 Qc6 24. Rdb1 b6 25. Rb5 a6 26. Rxd5 Qxd5 27. f3 b5
28. Qd2 a5 29. axb5 Rxb5 30. Rxb5 Qxb5 31. Bg5 Bf8 32. Bh6 Be7 33. Bg5 Bf8 34.
Bh6 Bxh6 35. Qxh6 a4 36. Qc1 h5 37. Kh2 Qb3 38. Qg5 a3 39. Qd8+ Kg7 40. Qf6+
Kg8 41. Qd8+ Kg7 42. Qf6+ Kg8 1/2-1/2

[Event "Bolzano op"]
[Site "Bolzano"]
[Date "2000.07.21"]
[Round "8"]
[White "Timoscenko, Genadij"]
[Black "Sax, Gyula"]
[Result "0-1"]
[WhiteElo "2519"]
[BlackElo "2609"]
[PlyCount "66"]
[EventDate "2000.07.15"]
[Source "ChessBase"]
[SourceDate "1999.11.18"]

1. Nf3 Nf6 2. g3 d5 3. Bg2 c6 4. O-O Bg4 5. b3 Nbd7 6. Bb2 e6 7. d3 Bd6 8. Nbd2
O-O 9. h3 Bh5 10. c4 a5 11. a3 b5 12. Qc2 bxc4 13. bxc4 e5 14. g4 Bg6 15. Nh4
Rc8 16. e3 Nc5 17. Nxg6 hxg6 18. d4 exd4 19. Bxd4 Ne6 20. Bb2 Qe7 21. a4 Nc5
22. Rfd1 Nfe4 23. Nb3 f5 24. cxd5 Nxf2 25. Qxf2 Nxb3 26. Rab1 fxg4 27. Qe2 gxh3
28. Bxh3 Qg5+ 29. Kh1 Qh6 30. Kg2 Rce8 31. Bd4 Qh4 32. Qe1 Qg5+ 33. Kh1 Qh5 0-1

[Event "Bolzano op"]
[Site "Bolzano"]
[Date "2000.07.22"]
[Round "9"]
[White "Banikas, Hristos"]
[Black "Baquero, Luis A"]
[Result "1/2-1/2"]
[WhiteElo "2535"]
[BlackElo "2303"]
[PlyCount "79"]
[EventDate "2000.07.15"]
[Source "ChessBase"]
[SourceDate "1999.11.18"]

1. c4 e5 2. Nc3 Nf6 3. Nf3 Nc6 4. a3 d5 5. cxd5 Nxd5 6. Qc2 Nxc3 7. dxc3 Be7 8.
b4 O-O 9. e4 Bg4 10. Be2 Qd6 11. h3 Bxf3 12. Bxf3 a5 13. Rb1 axb4 14. axb4 Rfd8
15. O-O Qg6 16. Be2 Bg5 17. Bc4 Rd6 18. Bxg5 Qxg5 19. Rfd1 Rad8 20. Rxd6 Rxd6
21. Rd1 Rxd1+ 22. Qxd1 Qe7 23. g3 g6 24. Kg2 Kg7 25. Qd5 Nd8 26. f4 exf4 27.
gxf4 Ne6 28. Qe5+ Qf6 29. Qxf6+ Kxf6 30. Kf3 g5 31. e5+ Kg6 32. Bd3+ f5 33.
exf6+ Kxf6 34. fxg5+ Nxg5+ 35. Kg3 h6 36. h4 Nf7 37. Kf4 Nd6 38. Bc2 b6 39. Bd3
c5 40. bxc5 1/2-1/2

[Event "Bolzano op"]
[Site "Bolzano"]
[Date "2000.07.22"]
[Round "9"]
[White "De Eccher, Stefano"]
[Black "Rotstein, Arkadij"]
[Result "0-1"]
[WhiteElo "2256"]
[BlackElo "2441"]
[PlyCount "88"]
[EventDate "2000.07.15"]
[Source "ChessBase"]
[SourceDate "1999.11.18"]

1. c4 e5 2. Nc3 d6 3. g3 g6 4. Bg2 Bg7 5. d3 f5 6. e4 Nf6 7. Nge2 O-O 8. O-O
Nc6 9. f3 Be6 10. b3 Qd7 11. Be3 Rf7 12. Qd2 Raf8 13. Rf2 Nh5 14. exf5 gxf5 15.
f4 Nf6 16. d4 exd4 17. Nxd4 Ng4 18. Re2 Nxe3 19. Bxc6 bxc6 20. Qxe3 Re7 21.
Nxe6 Rfe8 22. Rae1 Rxe6 23. Qxe6+ Rxe6 24. Rxe6 Kf7 25. Re7+ Qxe7 26. Rxe7+
Kxe7 27. Ne2 d5 28. Kf2 Kd6 29. Ke3 Kc5 30. Kd3 a5 31. Ng1 Kb4 32. Nf3 Ka3 33.
Nd4 Bxd4 34. Kxd4 Kxa2 35. Kc3 d4+ 36. Kc2 h5 37. h3 c5 38. g4 fxg4 39. hxg4
hxg4 40. f5 g3 41. f6 g2 42. f7 g1=Q 43. f8=Q Qb1+ 44. Kd2 Qb2+ 0-1

[Event "Bolzano op"]
[Site "Bolzano"]
[Date "2000.07.22"]
[Round "9"]
[White "Farago, Ivan"]
[Black "Drabke, Lorenz"]
[Result "1/2-1/2"]
[WhiteElo "2467"]
[BlackElo "2149"]
[PlyCount "72"]
[EventDate "2000.07.15"]
[Source "ChessBase"]
[SourceDate "1999.11.18"]

1. d4 d5 2. c4 c6 3. Nf3 Nf6 4. Nc3 dxc4 5. a4 Na6 6. e3 Bg4 7. Bxc4 e6 8. h3
Bh5 9. O-O Be7 10. Qe2 Nb4 11. Rd1 O-O 12. g4 Bg6 13. e4 Nd7 14. Be3 Qc7 15.
Kg2 Rfd8 16. Ne5 Nxe5 17. dxe5 h6 18. f4 Bh7 19. Rxd8+ Rxd8 20. Rd1 a6 21.
Rxd8+ Bxd8 22. Bc5 Be7 23. Bxe7 Qxe7 24. f5 b5 25. Bb3 Kf8 26. Qe3 Ke8 27. f6
gxf6 28. Qxh6 Bg6 29. Qh8+ Kd7 30. h4 fxe5 31. h5 Qh4 32. Bxe6+ Kxe6 33. Qc8+
Ke7 34. hxg6 fxg6 35. Qc7+ Ke6 36. Qc8+ Ke7 1/2-1/2

[Event "Bolzano op"]
[Site "Bolzano"]
[Date "2000.07.22"]
[Round "9"]
[White "Gyimesi, Zoltan"]
[Black "Skembris, Spyridon"]
[Result "1/2-1/2"]
[WhiteElo "2518"]
[BlackElo "2481"]
[PlyCount "80"]
[EventDate "2000.07.15"]
[Source "ChessBase"]
[SourceDate "1999.11.18"]

1. d4 Nf6 2. c4 c5 3. d5 e5 4. Nc3 d6 5. e4 Be7 6. g3 O-O 7. Bg2 Ne8 8. Nge2
Na6 9. O-O Nac7 10. Be3 Bd7 11. a4 Na6 12. f4 Bf6 13. Qd2 Nb4 14. f5 a6 15. h4
b5 16. b3 bxc4 17. bxc4 Rb8 18. Kh2 Be7 19. Bh3 f6 20. g4 g6 21. Ng3 Ng7 22.
Rf2 Rf7 23. Raf1 g5 24. hxg5 fxg5 25. Bg2 Ne8 26. Bf3 Nf6 27. Rh1 h6 28. Kg1
Bf8 29. Rfh2 Rh7 30. Nh5 Ne8 31. Bd1 Rb7 32. Rf2 Nf6 33. Nxf6+ Qxf6 34. Rfh2
Be8 35. Kg2 Qd8 36. Kg3 Rbf7 37. Bf3 Rb7 38. Rb1 Qf6 39. Rhh1 Qd8 40. Rb2 Qf6
1/2-1/2

[Event "Bolzano op"]
[Site "Bolzano"]
[Date "2000.07.22"]
[Round "9"]
[White "Ortega, Lexy"]
[Black "Schacher, Gerd"]
[Result "1-0"]
[WhiteElo "2479"]
[BlackElo "2245"]
[PlyCount "149"]
[EventDate "2000.07.15"]
[Source "ChessBase"]
[SourceDate "1999.11.18"]

1. d4 Nf6 2. Nf3 c5 3. e3 g6 4. dxc5 Qa5+ 5. Nbd2 Qxc5 6. a3 Qc7 7. b4 Bg7 8.
Bb2 d6 9. Be2 O-O 10. c4 Nbd7 11. O-O a6 12. Rc1 b6 13. Nb1 Bb7 14. Nc3 Rac8
15. Rc2 Rfd8 16. Qa1 Ne4 17. Rfc1 Nxc3 18. Bxc3 Bxc3 19. Rxc3 Qc6 20. Ne1 Nf6
21. f3 a5 22. Nd3 axb4 23. axb4 Ra8 24. Qb2 Rdb8 25. e4 Qa4 26. R3c2 Nd7 27. h4
e5 28. Rd2 Nf8 29. Nf2 Rd8 30. Rcd1 Ne6 31. Rxd6 Rxd6 32. Rxd6 Nd4 33. Bd1 Qa7
34. Ng4 Qa1 35. Qxa1 Rxa1 36. Nf2 b5 37. cxb5 Nxb5 38. Rb6 Nc3 39. Rxb7 Nxd1
40. Nxd1 Rxd1+ 41. Kh2 h5 42. b5 Rb1 43. b6 Kg7 44. Rb8 f5 45. g3 Rb2+ 46. Kg1
Rb1+ 47. Kf2 Rb2+ 48. Ke1 fxe4 49. fxe4 Rb4 50. Kd2 Rxe4 51. Kc3 Re1 52. Rd8
Rb1 53. Rd6 e4 54. Kc2 Rb5 55. Kd2 Rb3 56. Kc2 Rb5 57. Kd2 Rb3 58. Kc2 Rb5 59.
Re6 Kf7 60. Rc6 Rb4 61. Kc3 Rb1 62. Kd4 Rb4+ 63. Ke3 Kg7 64. Kf4 Kf7 65. Rc7+
Ke6 66. b7 Kf6 67. Rd7 Ke6 68. Rh7 Kf6 69. Rc7 Ke6 70. Kg5 Rb3 71. Kh6 Kf5 72.
Re7 Kg4 73. Rxe4+ Kf3 74. Re6 Rxb7 75. Rxg6 1-0

[Event "Bolzano op"]
[Site "Bolzano"]
[Date "2000.07.22"]
[Round "9"]
[White "Ruzzier, Dario"]
[Black "Kowalczyk, Martin"]
[Result "1-0"]
[WhiteElo "2080"]
[BlackElo "2120"]
[PlyCount "61"]
[EventDate "2000.07.15"]
[Source "ChessBase"]
[SourceDate "1999.11.18"]

1. d4 Nf6 2. c4 c5 3. d5 e6 4. Nc3 exd5 5. cxd5 d6 6. e4 g6 7. f4 Bg7 8. Nf3
O-O 9. Be2 Re8 10. e5 dxe5 11. fxe5 Ng4 12. e6 fxe6 13. O-O exd5 14. Nxd5 Be6
15. Nf4 Qxd1 16. Rxd1 Bf7 17. Ng5 Bd4+ 18. Rxd4 cxd4 19. Bxg4 Nc6 20. Nfe6 h5
21. Bh3 Re7 22. Nxf7 Kxf7 23. Bg5 Rd7 24. Rf1+ Kg8 25. Nf8 Rd6 26. Be6+ Kg7 27.
Rf7+ Kg8 28. Rd7+ Rxe6 29. Nxe6 Re8 30. Nxd4 Ne5 31. Re7 1-0

[Event "Bolzano op"]
[Site "Bolzano"]
[Date "2000.07.22"]
[Round "9"]
[White "Sax, Gyula"]
[Black "Khenkin, Igor"]
[Result "1/2-1/2"]
[WhiteElo "2609"]
[BlackElo "2622"]
[PlyCount "23"]
[EventDate "2000.07.15"]
[Source "ChessBase"]
[SourceDate "1999.11.18"]

1. e4 c6 2. d4 d5 3. Nc3 dxe4 4. Nxe4 Bf5 5. Ng3 Bg6 6. h4 h6 7. Nf3 Nf6 8. Ne5
Bh7 9. Bd3 Bxd3 10. Qxd3 e6 11. Bd2 Nbd7 12. Qe2 1/2-1/2

[Event "Bolzano op"]
[Site "Bolzano"]
[Date "2000.07.22"]
[Round "9"]
[White "Trabert, Bettina"]
[Black "Nikolaidis, Ioannis"]
[Result "0-1"]
[WhiteElo "2273"]
[BlackElo "2530"]
[PlyCount "70"]
[EventDate "2000.07.15"]
[Source "ChessBase"]
[SourceDate "1999.11.18"]

1. e4 c6 2. d4 d5 3. exd5 cxd5 4. c4 Nf6 5. Nc3 e6 6. Nf3 Bb4 7. cxd5 Nxd5 8.
Qc2 Nc6 9. Be2 O-O 10. O-O h6 11. Rd1 Nce7 12. a3 Ba5 13. Nxd5 Nxd5 14. Qe4 Bd7
15. Bd3 f5 16. Qe2 Bc7 17. Bc4 Qf6 18. Re1 Rfe8 19. Ne5 Bc6 20. Bd2 Bxe5 21.
dxe5 Qg6 22. Bxd5 Bxd5 23. f4 Red8 24. Bb4 Kh7 25. Rac1 Rac8 26. Bc5 a6 27. Be3
Rxc1 28. Rxc1 Be4 29. Bc5 Rd3 30. Bb4 Re3 31. Qf2 Rf3 32. Qe2 Rxf4 33. Rc3 Rg4
34. g3 f4 35. Qxe4 Qxe4 0-1

[Event "Bolzano op"]
[Site "Bolzano"]
[Date "2000.07.22"]
[Round "9"]
[White "Voiska, Margarita"]
[Black "Epishin, Vladimir"]
[Result "1/2-1/2"]
[WhiteElo "2366"]
[BlackElo "2667"]
[PlyCount "107"]
[EventDate "2000.07.15"]
[Source "ChessBase"]
[SourceDate "1999.11.18"]

1. c4 Nf6 2. Nc3 e5 3. Nf3 Nc6 4. g3 Bb4 5. Nd5 Bc5 6. Bg2 O-O 7. O-O d6 8. d3
h6 9. e3 Bb6 10. b3 Re8 11. Bb2 Nxd5 12. cxd5 Nb4 13. Ne1 c6 14. dxc6 Nxc6 15.
Nc2 Bf5 16. d4 Rc8 17. e4 Bg6 18. d5 Nb8 19. Na3 Nd7 20. Nc4 Nc5 21. Qe2 f5 22.
exf5 Bxf5 23. Rad1 Qd7 24. Ne3 Bg6 25. Bf3 Rc7 26. Bh5 Qf7 27. Bxg6 Qxg6 28.
Nc4 Rf7 29. Bd4 Ne4 30. Bxb6 axb6 31. Qd3 Rf6 32. f3 Ng5 33. Qxg6 Rxg6 34. Nxb6
Rf8 35. Kg2 h5 36. Rc1 Kh7 37. Rc8 Rxc8 38. Nxc8 h4 39. Nb6 e4 40. fxe4 h3+ 41.
Kg1 Nxe4 42. Rf4 Nc3 43. Rh4+ Rh6 44. a4 Rxh4 45. gxh4 Kg6 46. Nc4 b5 47. Nxd6
bxa4 48. bxa4 Nxa4 49. Ne4 Kf5 50. d6 Ke6 51. Kf2 Nb6 52. Kf3 Nc4 53. Kg4 Nxd6
54. Nxd6 1/2-1/2

[Event "Bolzano op 14th"]
[Site "Bolzano"]
[Date "1999.06.13"]
[Round "2"]
[White "Mitkov, Nikola"]
[Black "Khenkin, Igor"]
[Result "1/2-1/2"]
[WhiteElo "2483"]
[BlackElo "2641"]
[PlyCount "68"]
[EventDate "1999.06.12"]
[Source "ChessBase"]
[SourceDate "1999.11.18"]

1. e4 c6 2. d4 d5 3. f3 e6 4. Be3 Qb6 5. Nd2 Qxb2 6. Bd3 Qa3 7. Ne2 b6 8. O-O
Ba6 9. Nb3 Bxd3 10. Qxd3 Qa6 11. Qd2 Ba3 12. Ng3 Nd7 13. Nc1 Ne7 14. Nd3 O-O
15. Nh5 g6 16. Ne5 Nxe5 17. Nf6+ Kh8 18. dxe5 Rfd8 19. Bg5 Ng8 20. Nxg8 Kxg8
21. f4 Re8 22. exd5 cxd5 23. f5 exf5 24. Rxf5 Rac8 25. Rxf7 Bc5+ 26. Kh1 Kxf7
27. Qxd5+ Re6 28. c4 Rce8 29. Qd7+ Kg8 30. Rf1 Bf8 31. Rxf8+ Rxf8 32. Qxe6+ Rf7
33. Qe8+ Rf8 34. Qe6+ Rf7 1/2-1/2

[Event "Bolzano op 14th"]
[Site "Bolzano"]
[Date "1999.06.13"]
[Round "2"]
[White "Zaja, Ivan"]
[Black "Epishin, Vladimir"]
[Result "0-1"]
[WhiteElo "2443"]
[BlackElo "2578"]
[PlyCount "64"]
[EventDate "1999.06.12"]
[Source "ChessBase"]
[SourceDate "1999.11.18"]

1. d4 Nf6 2. c4 e6 3. Nc3 Bb4 4. e3 c5 5. Nge2 b6 6. a3 Ba5 7. Bd2 O-O 8. d5
Bb7 9. Nf4 exd5 10. cxd5 d6 11. Bd3 Nbd7 12. Rb1 Bxc3 13. Bxc3 Ne5 14. b4 Rc8
15. Bf5 Rc7 16. b5 Re8 17. O-O Qa8 18. Qc2 g6 19. Bh3 Nxd5 20. Nxd5 Bxd5 21. f4
Nc4 22. Ba1 Rxe3 23. Rb3 Qe8 24. Rd3 Rxd3 25. Qxd3 Qe4 26. Qg3 Re7 27. Qh4 Qe3+
28. Kh1 f5 29. Bf6 Re8 30. Be7 Qxe7 31. Qg3 Qf6 32. Re1 Be4 0-1

[Event "Bolzano op 14th"]
[Site "Bolzano"]
[Date "1999.06.13"]
[Round "3"]
[White "Sax, Gyula"]
[Black "De Vreugt, Dennis"]
[Result "1/2-1/2"]
[WhiteElo "2524"]
[BlackElo "2417"]
[PlyCount "105"]
[EventDate "1999.06.12"]
[Source "ChessBase"]
[SourceDate "1999.11.18"]

1. e4 e5 2. Nf3 Nc6 3. Bb5 a6 4. Ba4 Nf6 5. O-O Be7 6. Re1 b5 7. Bb3 O-O 8. h3
Bb7 9. d3 d6 10. c3 Nb8 11. Nbd2 Nbd7 12. Nf1 Nc5 13. Bc2 Re8 14. Ne3 Bf8 15.
b4 Ncd7 16. Bb3 c6 17. a4 d5 18. Bd2 h6 19. exd5 cxd5 20. Ng4 Nxg4 21. hxg4 g6
22. d4 e4 23. Nh2 Bd6 24. Re3 Kg7 25. Rh3 Bxh2+ 26. Kxh2 g5 27. Qe2 Nf6 28. Kg1
Bc6 29. Rg3 Qd7 30. a5 Qc8 31. Rf1 Bd7 32. f4 Qc6 33. fxg5 hxg5 34. Bxg5 Nh7
35. Bf4 Kf8 36. Be5 Ke7 37. g5 Nf8 38. Qh5 Be6 39. g6 Nxg6 40. Rxg6 fxg6 41.
Qh7+ Kd8 42. Rf6 Re7 43. Qh4 Kd7 44. Bd1 Rae8 45. Bg4 Qxc3 46. Rxe6 Rxe6 47.
Qh7+ R8e7 48. Bxe6+ Kxe6 49. Qg8+ Kd7 50. Qxd5+ Ke8 51. Qg8+ Kd7 52. Qd5+ Ke8
53. Qg8+ 1/2-1/2

[Event "Bolzano op 14th"]
[Site "Bolzano"]
[Date "1999.06.15"]
[Round "5"]
[White "Manca, Federico"]
[Black "Ortega, Lexy"]
[Result "0-1"]
[WhiteElo "2393"]
[BlackElo "2485"]
[PlyCount "68"]
[EventDate "1999.06.12"]
[Source "ChessBase"]
[SourceDate "1999.11.18"]

1. e4 c5 2. c3 d5 3. exd5 Qxd5 4. d4 Nf6 5. Nf3 Bg4 6. dxc5 Qxd1+ 7. Kxd1 Nc6
8. Nbd2 e5 9. b4 O-O-O 10. Kc2 Bf5+ 11. Kb3 Ng4 12. Bc4 Nxf2 13. Rf1 Nd3 14.
Nxe5 Ncxe5 15. Rxf5 g6 16. Bxd3 Nxd3 17. Rxf7 Bh6 18. Ne4 Nxc1+ 19. Kc4 Nd3 20.
Re7 Bf4 21. Rf1 Bc7 22. Kb3 Ne5 23. Nd6+ Bxd6 24. cxd6 Nd7 25. Rff7 h5 26. Rg7
g5 27. Rxg5 Rh6 28. h4 Rxd6 29. Rxh5 Rg8 30. Re2 Rdg6 31. Rh7 Rxg2 32. Ree7 Rd2
33. h5 Rgg2 34. h6 b5 0-1

[Event "Bolzano op 14th"]
[Site "Bolzano"]
[Date "1999.06.15"]
[Round "5"]
[White "Mitkov, Nikola"]
[Black "Chatalbashev, Boris"]
[Result "0-1"]
[WhiteElo "2483"]
[BlackElo "2524"]
[PlyCount "102"]
[EventDate "1999.06.12"]
[Source "ChessBase"]
[SourceDate "1999.11.18"]

1. e4 g6 2. Nc3 Bg7 3. d4 d6 4. Bg5 c6 5. Qd2 b5 6. f4 Nd7 7. Nf3 b4 8. Nd1
Ngf6 9. Bd3 O-O 10. O-O Qb6 11. c3 d5 12. exd5 cxd5 13. Nf2 Rb8 14. f5 bxc3 15.
bxc3 Qb2 16. Bc2 Ba6 17. Rfe1 Rbc8 18. fxg6 hxg6 19. Rac1 Qxc3 20. Qf4 Qb2 21.
Bb3 Rxc1 22. Rxc1 Bc4 23. Qe3 Bxb3 24. axb3 e6 25. h3 Rb8 26. Rc7 Qxb3 27. Qf4
Qb1+ 28. Kh2 Qf5 29. Rxa7 Qxf4+ 30. Bxf4 Rc8 31. Nd3 Bf8 32. Ng5 Rc4 33. Ne5
Rxd4 34. Be3 Bd6 35. Ra8+ Kg7 36. Ngxf7 Nxe5 37. Nxd6 Nfg4+ 38. hxg4 Nxg4+ 39.
Kg3 Nxe3 40. Ra7+ Kf6 41. Rf7+ Kg5 42. Ne8 Nf5+ 43. Kh2 Rd2 44. Nc7 Re2 45. Rd7
d4 46. Nb5 e5 47. Kh3 Re3+ 48. Kh2 d3 49. Nc3 Nd4 50. Nb1 Re2 51. Rd5 Kg4 0-1